Bóng ma ký ức = Dark places
Na minha lista:
| Autor principal: | |
|---|---|
| Formato: | Livro |
| Idioma: | Undetermined |
| Publicado em: |
Hà Nội
Lao động
2014
|
| Assuntos: | |
| Tags: |
Adicionar Tag
Sem tags, seja o primeiro a adicionar uma tag!
|
| Thư viện lưu trữ: | Trung tâm Học liệu Trường Đại học Cần Thơ |
|---|
| LEADER | 00592nam a2200205Ia 4500 | ||
|---|---|---|---|
| 001 | CTU_220977 | ||
| 008 | 210402s9999 xx 000 0 und d | ||
| 020 | |c 139000 | ||
| 082 | |a 813.6 | ||
| 082 | |b F648 | ||
| 100 | |a Flynn, Gillian | ||
| 245 | 0 | |a Bóng ma ký ức = | |
| 245 | 0 | |b Dark places | |
| 245 | 0 | |c Gillian Flynn ; Ngọc Chiến (dịch) | |
| 260 | |a Hà Nội | ||
| 260 | |b Lao động | ||
| 260 | |c 2014 | ||
| 650 | |a Tiểu thuyết hư cấu, Mỹ,Suspense fiction, American | ||
| 904 | |i Hải | ||
| 980 | |a Trung tâm Học liệu Trường Đại học Cần Thơ | ||